000 01099nam a22003257a 4500
001 BR8006219
003 BR-BrBNA
005 20230928090800.0
007 ta
008 230509b bl.||||| |||| 00| 0 por d
040 _aBR-BrBNA
_bpor
_cBiblioteca Nacional de Agricultura
041 _a(Por)
072 _aE30; L00
_b5300
_b/G514
090 _ 5300 BR8006219
110 1 _aBanco de Desenvolvimento do Estado do Maranhao S.A., Sao Luis (Brasil)
_91087
245 1 _aPrograma de Pecuaria de Medio Porte-PROPEP; sub-programa 2. Suinocultura [criacao, manejo, rebanho, produtividade, raca, Maranhao, Brasil]
260 3 _aSao Luis, MA (Brasil):
_c1980.
300 _a22 p.
500 _a6 tables. (*) Documento disponível na(o) Banco de Desenvolvimento do Estado do Maranhao S.A., Sao Luis (Brazil)
650 _aPROJETO DE DESENVOLVIMENTO
650 _aASSISTENCIA TECNICA
650 _aFINANCIAMENTO
650 _aCREDITO RURAL
650 _aPECUARIA
650 _aSUINO
650 _aSUINOCULTURA
650 _aMARANHAO
909 _a202309
_bLucia
_c55
_dLucia Elande
942 _cBK
999 _c30503
_d30503